000 00222nam a2200085Ia 4500
245 0 _aMY KRUIS EN MY KROOS
100 _a DE VILLIERS, Reinette 1962
_980307
942 _cBK
008 210817s9999 xx 000 0 und d
999 _c281692
_d281692